000 00474nam a2200193Ia 4500
008 210210b2016 xxu||||| |||| 00| 0 eng d
020 _a9788121910620
041 _aeng
082 _a658.1511 PILM
100 _aPILLAI (R S N)
245 _aManagement accounting
260 _aNew Delhi
_bS. Chand & Co. Ltd.
_c2016
300 _ax,661
650 _aManagement
650 _aaccounting
690 _aManagement Accounting
700 _aBAGAVATHI
906 _a070644
999 _c120171
_d120171